000
00254nam a22001097a 4500
082
_a
823
_b
HOV/L
100
_a
HOVER, MARGO
245
_a
THE LION KING
260
_a
WISCONSIN
_b
WESTERN PUBLISHING CO
_c
1994
650
_a
ENGLISH STORY
_z
WISCONSIN
942
_c
BK
999
_c
7503
_d
7503